000 003270000a22001450004500
003 MACL
040 _aMACL
090 _c31813
_d31811
100 _aHoltz, Matthew
245 _aMastering Ventura 3.0 Gem Edition
260 _bBPB Publications
_c1991
350 _a150
650 _aComputer Science
942 _cBOOK
_k004.6/HOL
999 _c31493
_d31493